| 000 | 00429nam a2200181Ia 4500 | ||
|---|---|---|---|
| 001 | 13450 | ||
| 005 | 20260306164802.0 | ||
| 008 | 260306t2003||||xx |||||||||||||| ||spa|| | ||
| 041 | _aESP | ||
| 082 |
_aS 004.2 _bH19 |
||
| 100 |
_aHamacher, Carl _eAUT |
||
| 245 | 0 | _aOrganización de computadores | |
| 260 | _c2003 | ||
| 300 |
_axxiv, 804 pƔginas : _c24 cm. |
||
| 650 | _aGEN | ||
| 654 | _aCCC | ||
| 942 |
_cLIB _dJUS _fJUS _2ddc _n |
||
| 999 |
_c13450 _d13450 |
||